[Event "2015 Alberta Open"]
[Site "Edmonton"]
[Date "2015.10.12"]
[Round "6.8"]
[White "Sasata, Anastasia"]
[Black "Dave, Bhavik"]
[Result "0-1"]
[WhiteElo "937"]
[BlackElo "1652"]
[PlyCount "40"]
[EventDate "2015.10.10"]
[EventType "swiss"]
[EventRounds "6"]
[EventCountry "CAN"]

1. e4 d6 2. d4 Nf6 3. Nc3 g6 4. Nf3 Bg7 5. Bf4 c6 6. Bd3 O-O 7. Qd2 Re8 8.
O-O-O Nbd7 9. Rhe1 e5 10. Be3 Ng4 11. h3 Nxe3 12. fxe3 b5 13. g4 Qb6 14. Bf1 b4
15. Ne2 Ba6 16. h4 exd4 17. exd4 Rxe4 18. Bh3 Rae8 19. d5 Rxe2 20. Rxe2 Bxe2
0-1

[Event "2015 Alberta Open"]
[Site "Edmonton"]
[Date "2015.10.12"]
[Round "6.10"]
[White "McKay, Arnold"]
[Black "Wang, Jeff"]
[Result "1/2-1/2"]
[WhiteElo "1868"]
[BlackElo "1919"]
[PlyCount "49"]
[EventDate "2015.10.10"]
[EventType "swiss"]
[EventRounds "6"]
[EventCountry "CAN"]

1. e4 c5 2. Nf3 d6 3. d4 cxd4 4. Nxd4 Nf6 5. Nc3 g6 6. Be3 Bg7 7. f3 O-O 8. Qd2
Nc6 9. g4 Be6 10. O-O-O Nxd4 11. Bxd4 Qa5 12. a3 Rab8 13. h4 b5 14. Nd5 Qxd2+
15. Rxd2 Bxd5 16. exd5 Rb7 17. g5 Nh5 18. Bxg7 Kxg7 19. Rg1 b4 20. a4 a5 21.
Rd4 f6 22. f4 Rc7 23. Be2 Rfc8 24. Bd3 f5 25. Rg2 1/2-1/2

[Event "2015 Alberta Open"]
[Site "Edmonton"]
[Date "2015.10.12"]
[Round "6.12"]
[White "Mo, Michelle"]
[Black "Tran-Ly, Tristan"]
[Result "0-1"]
[WhiteElo "1571"]
[BlackElo "2106"]
[PlyCount "110"]
[EventDate "2015.10.10"]
[EventType "swiss"]
[EventRounds "6"]
[EventCountry "CAN"]

1. e4 c5 2. Nf3 g6 3. d4 cxd4 4. Nxd4 Nc6 5. Be3 Nf6 6. Nc3 Bg7 7. Bd3 O-O 8.
O-O d5 9. f3 e5 10. Nxc6 bxc6 11. Bf2 Nh5 12. Ne2 f5 13. Ng3 Nf4 14. Ne2 fxe4
15. fxe4 Qg5 16. Nxf4 exf4 17. Bc5 Bh3 18. Qd2 dxe4 19. Bxf8 Bd4+ 20. Kh1 e3
21. Qe2 Bg4 22. Qe1 Rxf8 23. Be2 Be6 24. c3 Be5 25. Bf3 Bc4 26. Be2 Bd5 27. Bf3
Bxf3 28. Rxf3 Qf5 29. Qe2 g5 30. h3 Qe4 31. Rd1 h5 32. g4 fxg3 33. Kg2 g4 34.
hxg4 hxg4 35. Rdf1 gxf3+ 36. Rxf3 Qxf3+ 37. Qxf3 Rxf3 38. Kxf3 Bf4 39. c4 Kf7
40. b4 Ke6 41. b5 cxb5 42. cxb5 Kd5 43. a3 Kc4 44. a4 Kd3 45. b6 axb6 46. a5
bxa5 47. Kg2 e2 48. Kf3 e1=Q 49. Kg2 Qf2+ 50. Kh3 Qf1+ 51. Kg4 Bc7 52. Kh4 g2
53. Kh5 g1=Q 54. Kh4 Qf4+ 55. Kh3 Qgg3# 0-1